Les mots composés avec porte - Statistiques

Statistiques générales
  • Ce quiz a été pris 102 fois
    83 depuis la dernière actualisation
  • Le résultat moyen est 4 sur 18
Statistiques - réponses
Réponse % Correct
manteau
86%
clés
56%
monnaie
51%
avions
37%
fenêtre
27%
bagages
25%
plume
25%
documents
24%
drapeau
20%
voix
20%
serviettes
18%
jarretelles
13%
savon
10%
bonheur
8%
parole
7%
fanion
3%
malheur
3%
bannière
0%
Aucun quiz correspondant
Distribution des résultats
% des personnes avec chaque résultat
Percentile par nombre de réponses
Votre historique - résultats
Vous n’avez pas pris ce quiz depuis la dernière actualisation